Knižnica pre jednoduché použitie bezdrôtovej kominkácie v robotike

Saved in:
Bibliographic Details
Main Author: Švec, Filip, 1989- (Author)
Other Authors: Palkovič, Lukáš, 1985- (Thesis advisor)
Format: Manuscript Book
Language:Slovak
Published: Bratislava : STU v Bratislave FEI, 2011
Subjects:
Online Access:VAIS
Tags: Add Tag
No Tags, Be the first to tag this record!

MARC

LEADER 00000ntm a22000003a 4500
001 stu231363
005 20150617230138.6
008 110713s2011----xo------------------slo-d
040 |a STU  |b slo 
041 0 |a slo 
044 |a xo 
100 1 |a Švec, Filip,  |d 1989-  |4 aut  |u E  |T FEI Fakulta elektrotechniky a informatiky  |X 55982  |U E  |Y 30  |7 A000055982 
242 0 0 |a Library for easy use of wireless communication in robotics  |y eng 
245 1 |a Knižnica pre jednoduché použitie bezdrôtovej kominkácie v robotike 
260 |a Bratislava :  |b STU v Bratislave FEI,  |c 2011 
300 |a 54 s 
650 7 |a Aplikovaná informatika  |2 stusub 
650 7 |a Applied Informatics  |2 estusub 
650 7 |a library  |2 estusub 
650 7 |a bezdrôtový prenos  |2 stusub 
650 7 |a knižnica  |2 stusub 
700 1 |a Palkovič, Lukáš,  |d 1985-  |4 ths  |u E010  |T FEI Ústav riadenia a priemyselnej informatiky  |X 11961  |U E010  |Y E010  |7 A000011961 
856 4 |a info a plný text  |u http://is.stuba.sk/zp/portal_zp.pl?podrobnosti=56615  |3 VAIS 
996 |b 284ER00589  |c E*Bc-589  |l EE23  |s P  |a 0  |w stu231363_0001